000 00581nam a2200205 a 4500
005 20221118063550.0
008 991125c1990 mad 000 0 spa u
020 _a8477740623
035 _aUPN01000043572
049 _aCG
050 4 _aLB1573
_bS6.68
100 1 _aSmith, Frank
245 1 0 _aPara darle sentido a la lectura /
_cFrank Smith ; tr. Jaime Collyer.
260 _aMadrid :
_bVisor,
_cc1990.
300 _a220 p.
440 0 _aAprendizaje ;
_v62
534 _aTraduccion de:
_tReading
650 4 _aLectura
_xEstudio y enseƱanza (Elemental)
_92805
905 _aLibro
999 _c43572
_d43572